| 000 | 00964nam a22003137a 4500 | ||
|---|---|---|---|
| 003 | CHAP | ||
| 005 | 20220329135927.0 | ||
| 008 | 971013s1993 r 00010 d | ||
| 010 | _a44242 | ||
| 011 | _a45214 | ||
| 035 | _a49353 | ||
| 040 | _cCHAP | ||
| 082 |
_a972.6 _bC5 v.5 |
||
| 100 | 0 | 0 |
_aYadeun, Juan. _9122936 |
| 245 |
_aToniná _b: el laberinto del inframundo |
||
| 260 |
_aMéxico, D.F. : _bGobierno del Estado de Chiapas, _c1993 |
||
| 300 |
_a127 p. _b: ilus. |
||
| 490 | _aChiapas eterno | ||
| 590 |
_aBATCH-UPD _b10 _c20130110 _lUCH01 _h1942 |
||
| 590 |
_aBATCH-UPD _b10 _c20130410 _lUCH01 _h1305 |
||
| 590 |
_aBATCH-UPD _b10 _c20130914 _lUCH01 _h0921 |
||
| 590 |
_aCONVERSION _b10 _c20130109 _lUCH01 _h1324 |
||
| 650 | 1 | 4 |
_aArqueología _xChiapas. _97344 |
| 650 | 1 | 4 |
_aChiapas _xDescripción y viaje. _922230 |
| 830 | 0 |
_aChiapas eterno _922241 |
|
| 901 | _aBK | ||
| 942 | _cLIBRO | ||
| 949 |
_a972.6 C5 v.5 _bBC _cC _d33724000656377 _eC _h89368 _i49353 _mD _si |
||
| 999 |
_c44242 _d44242 |
||